Hijo de la clase obrera / (Registro nro. 3469)

Detalles MARC
000 -LEADER
fixed length control field 00500nam a2200181Ia 4500
003 - CONTROL NUMBER IDENTIFIER
control field OSt
005 - DATE AND TIME OF LATEST TRANSACTION
control field 20250415152857.0
008 - FIXED-LENGTH DATA ELEMENTS--GENERAL INFORMATION
fixed length control field 191128s9999 xx 000 0 und d
040 ## - CATALOGING SOURCE
Original cataloging agency CO-JMCR
Transcribing agency CO-JMCR
041 ## - LANGUAGE CODE
Language code of text/sound track or separate title spa
082 04 - DEWEY DECIMAL CLASSIFICATION NUMBER
Classification number A-N
Item number KALh
100 1# - MAIN ENTRY--PERSONAL NAME
Personal name Kalchev, Kamen,
Relator term autor
9 (RLIN) 7376
245 10 - TITLE STATEMENT
Title Hijo de la clase obrera /
Statement of responsibility, etc. Kamen Kalchev ; traducido por Vicente Uribe
260 ## - PUBLICATION, DISTRIBUTION, ETC.
Place of publication, distribution, etc. España :
Name of publisher, distributor, etc. Sofia,
Date of publication, distribution, etc. 1964
300 ## - PHYSICAL DESCRIPTION
Extent 260 páginas ;
Dimensions 20 cm.
650 14 - SUBJECT ADDED ENTRY--TOPICAL TERM
Topical term or geographic name entry element Novela
9 (RLIN) 7377
942 ## - ADDED ENTRY ELEMENTS (KOHA)
Source of classification or shelving scheme Dewey Decimal Classification
Koha item type Books
Existencias
Withdrawn status Lost status Source of classification or shelving scheme Materials specified (bound volume or other part) Damaged status Not for loan Collection code Home library Current library Date acquired Total Checkouts Full call number Barcode Date last seen Date last checked out Copy number Koha item type
    Dewey Decimal Classification Donación -- 05/06/2018     Fiction Biblioteca Pública José María del Castillo y Rada Biblioteca Pública José María del Castillo y Rada 11/28/2019 1 A-N KALh 201807321 05/02/2025 04/30/2025 Ej.1 Books